Lego The Lord of the Rings Characters - Statistics

General Stats
  • This quiz has been taken 64 times
    36 since last reset
  • The average score is 27 of 34
Answer Stats
Picture Answer % Correct
Frodo
100%
Gandalf
100%
Legolas
100%
Aragorn
95%
Bilbo
95%
Boromir
95%
Elrond
95%
Gimli
95%
Gollum
95%
Merry
95%
Pippin
95%
Sam
95%
Arwen
89%
Saruman
89%
Sauron
89%
Theoden
89%
Balrog
84%
Eomer
84%
Mouth of Sauron
84%
Grima Wormtongue
79%
Haldir
79%
Nazgul
79%
King of the Dead
74%
Lurtz
74%
Rosie Cotton
74%
Shelob
74%
Treebeard
74%
Gothmog
68%
Cave Troll
63%
Gloin
63%
Deagol
53%
Smeagol
47%
Farmer Proudfoot
37%
Mrs. Proudfoot
37%
No matching quizzes found
Score Distribution
Percent of People with Each Score
Percentile by Number Answered
Your Score History
You have not taken this quiz since the last reset